حا تم طا ئ :قصے (Record no. 87846)

MARC details
000 -LEADER
fixed length control field 01073nam a22002657a 4500
005 - DATE AND TIME OF LATEST TRANSACTION
control field 20150129150609.0
008 - FIXED-LENGTH DATA ELEMENTS--GENERAL INFORMATION
fixed length control field 140714b xxu||||| |||| 00| 0 Urdu d
010 ## - LCCN (DPL NO)
LC control number UR-8532 B-548314
020 ## - INTERNATIONAL STANDARD BOOK NUMBER
Terms of availability 295.00
International Standard Book Number 9788176503914
035 ## - SYSTEM CONTROL NUMBER
System control number U-7087 B-548314
037 ## - SOURCE OF ACQUISITION
Source of stock number/acquisition BPPD/Publishers/Venders
037 ## - SOURCE OF ACQUISITION
Source of stock number/acquisition DBAD/Pub.
037 ## - SOURCE OF ACQUISITION
Source of stock number/acquisition Star Pub.(Vend.)/Star PUB(Pub.)
040 ## - CATALOGING SOURCE
Original cataloging agency DPL
Language of cataloging Urdu
082 ## - DEWEY DECIMAL CLASSIFICATION NUMBER
Classification number ک
100 ## - MAIN ENTRY--PERSONAL NAME
Personal name مر تب :حيد ر بخش حيد ر ی
245 ## - TITLE STATEMENT
Title حا تم طا ئ :قصے
Statement of responsibility, etc مر تب :حيد ر بخش حيد ر ی
246 ## - VARYING FORM OF TITLE
Title proper/short title Hatimtai(Classic stories)
Remainder of title Edited bySyed Haider Baksh Haidari
260 ## - PUBLICATION, DISTRIBUTION, ETC. (IMPRINT)
Name of publisher, distributor, etc Star Publictions
-- Star Publications.( Vender)
Date of publication, distribution, etc 2013
260 ## - PUBLICATION, DISTRIBUTION, ETC. (IMPRINT)
Place of publication, distribution, etc 4/5Asaf Ali Road,New Delhi-110002
270 ## - ADDRESS
Address Suit 4b,floor 15,Webbley point, 1 Harrow Road,Wemley H A 96 DE(U.K)
City U.K.
300 ## - PHYSICAL DESCRIPTION
Extent 152ص
Dimensions 22Cm(Pb)
942 ## - ADDED ENTRY ELEMENTS (KOHA)
Source of classification or shelving scheme Dewey Decimal Classification
Item type Urdu Bks
Call number suffix ح ے د
Classification part ک
Holdings
Withdrawn status Lost status Source of classification or shelving scheme Damaged status Not for loan Collection code Home library Current library Date acquired Source of acquisition Cost, normal purchase price Total Checkouts Full call number Barcode Date last seen Copy number Cost, replacement price Koha item type
    Dewey Decimal Classification     Fiction Central Library Central Library 17/12/2014 BPPD/UR/2014-15/127/1.8.14/SP/3597/6.8.14/2.9.14 295.00 4 ک ح ے د B-548314 13/10/2018 1 295.00 Urdu Bks
    Dewey Decimal Classification   Not For Loan Fiction D.B.Act.Division D.B.Act.Division 29/01/2015 DBAD/PUB 295.00   ک ح ے د U-7087 29/01/2015 1 295.00 Urdu Bks
    Dewey Decimal Classification     Fiction Patel Nagar Patel Nagar 17/12/2014 BPPD/UR/2014-15/127/1.8.14/SP/3597/6.8.14/2.9.14 295.00 1 ک ح ے د B-548315 20/03/2019 1 295.00 Urdu Bks
    Dewey Decimal Classification     Fiction Sarojini Nagar Sarojini Nagar 17/12/2014 BPPD/UR/2014-15/127/1.8.14/SP/3597/6.8.14/2.9.14 295.00   ک ح ے د B-548316 17/12/2014 1 295.00 Urdu Bks

© Delhi Public Library
Hit Counter
free hit counter